000 00622cam a22002411 4500
001 sa 66001401
003 DLC
005 20260227112221.0
008 890703s1965 ii 000 0 maro
010 _asa 66001401
035 _a(OCoLC)19958877
040 _aDLC
_cWaU
_dDLC
042 _apremarc
043 _aa-ii---
050 0 0 _aDS485.M34
_bC45
100 1 _aChaphekar, Shrikrishna Narayan,
_d1921-
245 1 0 _aSāhitya āṇi samāja.
260 _c1965.
300 _a235 p.
_c20 cm.
500 _aIn Marathi.
651 0 _aMaharashtra (India)
_xSocial life and customs.
650 0 _aMarathi philology.
999 _c67779
_d67779